| 000 | 00966cam a2200277 4500 | ||
|---|---|---|---|
| 001 | ##L132379 | ||
| 008 | 060201n1974 000 0 eng u | ||
| 020 | _a0902132113 | ||
| 035 | _a(Sirsi) u132379 | ||
| 041 | 0 | _aeng | |
| 050 | 0 | 4 | _a711.558 $2 18 |
| 100 | 1 | _aHall, Peter | |
| 245 | 0 | 4 | _aThe future of the green belt |
| 260 |
_aReading _bCollege of Estate Management _c1974 |
||
| 300 |
_a32p. _c21cm. |
||
| 350 | _a0.5 | ||
| 490 | 0 |
_aOccasional Papers in Estate Management _v5 |
|
| 505 | 0 | _aThe green belt: its past and future justification - Minerals and the green belt - The growth of urban areas - The need for practical green belt policies | |
| 520 | _aCollection of four essays investigating the factors behind green belt policies. | ||
| 690 |
_aPlanning and development _96259 |
||
| 700 | 1 | _aMortimer, G. J. | |
| 700 | 1 | _aWarren-Evans, J. R. | |
| 700 | 1 | _aLayfield, F. H. B. W. | |
| 710 | 2 |
_aCollege of Estate Management _9400 |
|
| 942 | _n0 | ||
| 999 |
_c105113 _d105113 |
||